000 00800cam a22002532 4500
001 0000020839
005 20151217154444.0
008 111021s xx 000 0 eng d
020 _a0072829532
040 _aKABU
_cKABU
100 1 _aShier, David.
_@0000181462
245 1 0 _aHole's human anatomy and physiology /
_cDavid Shier, Jackie Butler, Ricki Lewis.
250 _a11th ed.
260 _aBoston :
_bMcGraw-Hill,
_c2007.
300 _axxvii, 1043 p.
650 0 _aHuman physiology.
_@0000155597
650 0 _aHuman anatomy.
_@0000155598
700 1 _aButler, Jackie.
_@0000181463
700 1 _aLewis, Ricki.
_@0000155225
852 1 _9p4300 KES
908 _a111021
950 _@1
999 _c11392
_d11392